Statistics for What happened in Harry Potter

Click here to take the quiz!

General Stats

  • This quiz has been taken 24 times
  • The average score is 13 of 15

Answer Stats

QuestionAnswer% Correct
Who killed Albus Dumbledore in the fifth movie?Severus Snape
100%
Which movie did Hermione Granger get petrified in?The chamber of secrets
100%
Who made a spell so Harry and Ron couldn't get through the wall at 9 3/4 in the second movieDobby
100%
Who did Harry marry when he got out of HogwartsGinny Weasley
100%
What is Voldemort's real nameTom Riddle
100%
Who won house cup in the first movie?Gryffindor
94%
What magic does Severus Snape want to teachDefence against the dark arts
94%
Why does Severus Snape hate Harry Potter so muchHe loved Lily Potter but then James Potter came and had Harry
94%
Who did Molly Weasley kill in the seventh movie after she was fighting GinnyBellatrix Lestrange
89%
What was the Weasleys First House calledThe Burrow
89%
Who old was Dumbledore when he died150
83%
How old do you have to be to go to Hogwarts11
83%
Who gave the Invisibility Cloak to HarryDumbledore
67%
Why did Harry, Ron, Hermione and Draco have to go into the Forbidden Forest in the First movieThey where at Hagrids with the Dragon
50%
How old is Minerva Mcgonagall70
50%

Score Distribution

Percentile by Number Answered

Percent of People with Each Score

Your Score History

You have not taken this quiz